[Event "HUN-chT2 Toth 1112"]
[Site "Hungary"]
[Date "2012.01.29"]
[Round "5.9"]
[White "Revesz, Bela"]
[Black "Csibor, Andras"]
[Result "1/2-1/2"]
[WhiteElo "1945"]
[BlackElo "1970"]
[PlyCount "86"]
[EventDate "2011.09.25"]
[EventType "team-tourn"]
[EventRounds "11"]
[EventCountry "HUN"]
[SourceTitle "EXT 2013"]
[Source "ChessBase"]
[SourceDate "2012.11.22"]
[SourceVersion "1"]
[SourceVersionDate "2012.11.22"]
[SourceQuality "1"]
[WhiteTeam "Bekes"]
[BlackTeam "Mako"]
[WhiteTeamCountry "HUN"]
[BlackTeamCountry "HUN"]

1. e4 e6 2. d4 d5 3. e5 c5 4. c3 Qb6 5. Nf3 Nc6 6. Bd3 Bd7 7. 0-0 cxd4 8. cxd4 Nxd4 9. Nxd4 Qxd4 10. Nc3 Qxe5 11. Re1 Qd6 12. Qf3 Bc6 13. Bf4 Qd7 14. Qg3 Nf6 15. Be5 Be7 16. Qxg7 Rg8 17. Qh6 d4 18. Ne4 Nxe4 19. Bxe4 Bxe4 20. Rxe4 Qd5 21. Qxh7 Rg6 22. f3 d3 23. Qh8+ Bf8 24. Bg3 d2 25. Rd4 Qc5 26. Bd6 Rg8 27. Bxc5 Rxh8 28. Bxf8 Rxf8 29. Rxd2 Ke7 30. Rad1 Kf6 31. Kf2 Rh8 32. h3 Rhg8 33. g4 b5 34. Kg3 Rac8 35. h4 Rc5 36. f4 a5 37. g5+ Kf5 38. Rd7 Rf8 39. h5 Rc4 40. Rb7 Re4 41. Rxb5+ e5 42. Rdd5 f6 43. gxf6 Rg8+ 1/2-1/2

[Event "HUN-chT2 Toth 1112"]
[Site "Hungary"]
[Date "2011.11.13"]
[Round "3.9"]
[White "Revesz, Bela"]
[Black "Banyai, Istvan"]
[Result "1/2-1/2"]
[WhiteElo "1945"]
[BlackElo "1968"]
[PlyCount "101"]
[EventDate "2011.09.25"]
[EventType "team-tourn"]
[EventRounds "11"]
[EventCountry "HUN"]
[SourceTitle "EXT 2013"]
[Source "ChessBase"]
[SourceDate "2012.11.22"]
[SourceVersion "1"]
[SourceVersionDate "2012.11.22"]
[SourceQuality "1"]
[WhiteTeam "Bekes"]
[BlackTeam "Gyula"]
[WhiteTeamCountry "HUN"]
[BlackTeamCountry "HUN"]

1. e4 c6 2. d4 d5 3. exd5 cxd5 4. Bd3 Nc6 5. c3 Nf6 6. Bf4 e6 7. Nf3 h6 8. Nbd2 Bd6 9. Bxd6 Qxd6 10. 0-0 0-0 11. Re1 b6 12. Ne5 Bb7 13. Qe2 Rac8 14. Rad1 Qc7 15. Ndf3 Na5 16. Nd2 Nc6 17. Nxc6 Bxc6 18. Nf3 Bb7 19. Ne5 Qd6 20. Bb1 a6 21. Qd3 Rfe8 22. Re3 Rc7 23. Rde1 b5 24. Rg3 Ne4 25. Rxe4 dxe4 26. Qe3 f6 27. Ng4 Kh7 28. Rh3 Qf8 29. Bxe4+ Bxe4 30. Qxe4+ f5 31. Qd3 Rec8 32. Ne5 Qf6 33. Re3 Rd8 34. Qe2 Rd6 35. h3 b4 36. Nc4 Rdc6 37. Ne5 Rd6 38. Nc4 bxc3 39. bxc3 Rdc6 40. Ne5 Rxc3 41. Rxc3 Rxc3 42. Qxa6 Rc1+ 43. Kh2 Qg5 44. Nd3 Rd1 45. f4 Qf6 46. Qc4 h5 47. Qc2 Rf1 48. Qe2 Ra1 49. Qb2 Rd1 50. Qc2 Ra1 51. Qb2 1/2-1/2

[Event "HUN-chT2 Toth 1011"]
[Site "Hungary"]
[Date "2011.04.17"]
[Round "9.8"]
[White "Diamant, Tibor"]
[Black "Revesz, Bela"]
[Result "1-0"]
[WhiteElo "2152"]
[BlackElo "1960"]
[PlyCount "47"]
[EventDate "2010.09.12"]
[EventType "team-tourn"]
[EventRounds "11"]
[EventCountry "HUN"]
[SourceTitle "EXT 2012"]
[Source "ChessBase"]
[SourceDate "2011.11.24"]
[SourceVersion "1"]
[SourceVersionDate "2011.11.24"]
[SourceQuality "1"]
[WhiteTeam "Mako"]
[BlackTeam "Bekes"]
[WhiteTeamCountry "HUN"]
[BlackTeamCountry "HUN"]

1. e4 e6 2. d4 d5 3. Nc3 Nf6 4. Bg5 Bb4 5. e5 h6 6. Be3 Ne4 7. Nge2 c5 8. a3 cxd4 9. Bxd4 Nxc3 10. Nxc3 Be7 11. Qg4 Kf8 12. f4 Nc6 13. 0-0-0 Nxd4 14. Rxd4 f5 15. Qh3 Bd7 16. g4 Bc5 17. Rd3 fxg4 18. Qxg4 Qe7 19. Bh3 Rc8 20. Nxd5 Qf7 21. Nc3 h5 22. Qg5 Bc6 23. Rf1 Be7 24. Qg3 1-0

[Event "HUN-chT2 Toth 1011"]
[Site "Hungary"]
[Date "2011.03.27"]
[Round "7.9"]
[White "Revesz, Bela"]
[Black "Halasz, Zoltan"]
[Result "0-1"]
[WhiteElo "1960"]
[BlackElo "1845"]
[PlyCount "128"]
[EventDate "2010.09.12"]
[EventType "team-tourn"]
[EventRounds "11"]
[EventCountry "HUN"]
[SourceTitle "EXT 2012"]
[Source "ChessBase"]
[SourceDate "2011.11.24"]
[SourceVersion "1"]
[SourceVersionDate "2011.11.24"]
[SourceQuality "1"]
[WhiteTeam "Bekes"]
[BlackTeam "Szolnok"]
[WhiteTeamCountry "HUN"]
[BlackTeamCountry "HUN"]

1. e4 d5 2. exd5 Nf6 3. c4 e6 4. dxe6 Bxe6 5. Nf3 Qe7 6. Be2 Bxc4 7. Qa4+ b5 8. Qd1 Bxe2 9. Qxe2 Qxe2+ 10. Kxe2 Bc5 11. d4 Bb6 12. Re1 0-0 13. Kf1 Nc6 14. Be3 Rad8 15. Rd1 Nb4 16. Nc3 a6 17. Rac1 Rfe8 18. a3 Nbd5 19. Bg5 Rd6 20. Re1 Rde6 21. Rxe6 Rxe6 22. Nxd5 Nxd5 23. Re1 Rxe1+ 24. Kxe1 f6 25. Be3 Kf7 26. Ke2 Ke6 27. Kd3 h6 28. Bd2 c6 29. b4 g5 30. g3 Kf5 31. Ng1 h5 32. Ne2 Kg4 33. Ng1 Bc7 34. h3+ Kf5 35. Ne2 Ke6 36. g4 h4 37. Ke4 Bd8 38. f4 Nb6 39. f5+ Kd6 40. Kd3 Nc4 41. Bc1 a5 42. Nc3 axb4 43. Ne4+ Kd5 44. axb4 Be7 45. Nc3+ Kd6 46. Ne4+ Kc7 47. Nc5 Nb6 48. Bd2 Nd5 49. Ne6+ Kd7 50. Nc5+ Ke8 51. Ke4 Bd6 52. Nd3 Ke7 53. Kf3 Bg3 54. Ke4 Bd6 55. Kf3 Nb6 56. Ke4 Nc4 57. Bc3 Bh2 58. Nb2 Na3 59. Nd3 Bg3 60. Bd2 Nb1 61. Be3 Nc3+ 62. Kf3 Kd6 63. Nb2 Na2 64. Nd3 Kd5 0-1

[Event "SM-2010-0-00129"]
[Site "LSS email"]
[Date "2010.11.26"]
[Round "?"]
[White "Revesz, Bela"]
[Black "Baranowski, Tadeusz"]
[Result "0-1"]
[WhiteElo "1904"]
[BlackElo "2293"]
[PlyCount "38"]
[EventDate "2010.10.05"]
[EventType "tourn (corr)"]
[EventRounds "6"]
[EventCountry "GER"]
[SourceTitle "Telechess CBM 145"]
[Source "Chessbase"]
[SourceDate "2011.11.11"]
[SourceVersion "1"]
[SourceVersionDate "2011.11.11"]
[SourceQuality "1"]

1. e4 e6 2. d4 d5 3. Nc3 Nf6 4. Bg5 Be7 5. Qd2 Nxe4 6. Nxe4 dxe4 7. Bxe7 Qxe7 8. Bc4 Nd7 9. Ne2 Nf6 10. 0-0-0 a6 11. Rhe1 b5 12. Bb3 Bb7 13. Ng3 c5 14. dxc5 Qxc5 15. Qe2 0-0 16. c3 b4 17. c4 a5 18. Ba4 Rac8 19. b3 h5 0-1

[Event "SM-2010-0-00129"]
[Site "LSS email"]
[Date "2010.11.26"]
[Round "?"]
[White "Vasquez Nigro, Dario Javier"]
[Black "Revesz, Bela"]
[Result "1-0"]
[WhiteElo "2075"]
[BlackElo "1936"]
[PlyCount "61"]
[EventDate "2010.10.05"]
[EventType "tourn (corr)"]
[EventRounds "6"]
[EventCountry "GER"]
[SourceTitle "Telechess CBM 143"]
[Source "ChessBase"]
[SourceDate "2011.07.15"]
[SourceVersion "1"]
[SourceVersionDate "2011.07.15"]
[SourceQuality "1"]

1. e4 e6 2. d4 d5 3. Nc3 Nf6 4. Bg5 Bb4 5. e5 h6 6. Be3 Ne4 7. Qg4 g6 8. a3 Bxc3+ 9. bxc3 Nxc3 10. Bd3 Bd7 11. Ne2 Nxe2 12. Bxe2 c5 13. dxc5 Nc6 14. 0-0 Nxe5 15. Qg3 Qf6 16. Rad1 Nc6 17. Qc7 Qe5 18. Qxe5 Nxe5 19. Bd4 f6 20. f4 Nc6 21. Bxf6 0-0 22. Ba1 Rac8 23. c4 Ne7 24. cxd5 exd5 25. Rb1 Bc6 26. g4 h5 27. gxh5 gxh5 28. Bxh5 Nf5 29. Be5 Kh7 30. Kf2 Rg8 31. Rb3 1-0

[Event "LSS No Engine Cup 30 Preliminary 1"]
[Site "LSS email"]
[Date "2010.11.02"]
[Round "?"]
[White "Jaszczowski, Zdzislaw"]
[Black "Revesz, Bela"]
[Result "0-1"]
[WhiteElo "814"]
[BlackElo "1904"]
[PlyCount "74"]
[EventDate "2010.11.03"]
[EventType "tourn (corr)"]
[EventRounds "6"]
[EventCountry "GER"]
[SourceTitle "Telechess CBM 145"]
[Source "Chessbase"]
[SourceDate "2011.11.11"]
[SourceVersion "1"]
[SourceVersionDate "2011.11.11"]
[SourceQuality "1"]

1. e4 e6 2. d4 d5 3. e5 c5 4. dxc5 Bxc5 5. Nf3 Qb6 6. Qd2 Nc6 7. c3 f6 8. exf6 Nxf6 9. Bd3 0-0 10. 0-0 e5 11. Bc2 Bg4 12. Nh4 Rad8 13. h3 Bc8 14. Qg5 Ne4 15. Bxe4 dxe4 16. Qg3 Bxf2+ 17. Rxf2 Rd1+ 18. Kh2 Qxf2 19. Be3 Qxg3+ 20. Kxg3 Rff1 21. a4 Rxb1 22. Rxb1 Rxb1 23. b4 a6 24. Kf2 Ne7 25. g4 Nd5 26. Nf5 Bxf5 27. gxf5 Nxe3 28. Kxe3 Re1+ 29. Kd2 Rh1 30. c4 Rxh3 31. b5 axb5 32. axb5 Kf7 33. c5 Ke7 34. c6 bxc6 35. b6 Kd7 36. f6 gxf6 37. b7 Kc7 0-1

[Event "HUN-chT2 Toth 1011"]
[Site "Hungary"]
[Date "2010.10.24"]
[Round "4.9"]
[White "Molnar, Jozsef"]
[Black "Revesz, Bela"]
[Result "1/2-1/2"]
[WhiteElo "1770"]
[BlackElo "1960"]
[PlyCount "61"]
[EventDate "2010.09.12"]
[EventType "team-tourn"]
[EventRounds "11"]
[EventCountry "HUN"]
[SourceTitle "EXT 2012"]
[Source "ChessBase"]
[SourceDate "2011.11.24"]
[SourceVersion "1"]
[SourceVersionDate "2011.11.24"]
[SourceQuality "1"]
[WhiteTeam "Abony"]
[BlackTeam "Bekes"]
[WhiteTeamCountry "HUN"]
[BlackTeamCountry "HUN"]

1. e4 e6 2. d4 d5 3. Nc3 Nf6 4. Bd3 Bb4 5. Bg5 h6 6. Bxf6 Qxf6 7. e5 Qe7 8. Nge2 Bd7 9. 0-0 c5 10. dxc5 Bxc5 11. Kh1 Nc6 12. f4 Nb4 13. Bb5 a6 14. Bxd7+ Qxd7 15. Rf3 Rc8 16. a3 Nc6 17. Qd3 Ne7 18. Ng3 g6 19. Re1 h5 20. Nf1 Nf5 21. Ne2 Ba7 22. c3 Qc6 23. Rd1 0-0 24. Nd4 Nxd4 25. cxd4 Qc2 26. Rd2 Qxd3 27. Rfxd3 Rc7 28. Kg1 Rfc8 29. Kf2 Kf8 30. Ke2 Rc2 31. Ne3 1/2-1/2

[Event "Miercurea Ciuc Banc Post op 09th"]
[Site "Miercurea Ciuc"]
[Date "2006.08.26"]
[Round "9"]
[White "Revesz, Bela"]
[Black "Takacs, Gergo"]
[Result "0-1"]
[WhiteElo "2063"]
[BlackElo "2167"]
[PlyCount "66"]
[EventDate "2006.08.19"]
[EventType "swiss"]
[EventRounds "9"]
[EventCountry "ROU"]
[SourceTitle "EXT 2012"]
[Source "ChessBase"]
[SourceDate "2011.11.24"]
[SourceVersion "1"]
[SourceVersionDate "2011.11.24"]
[SourceQuality "1"]

1. e4 c6 2. Nc3 d5 3. d4 dxe4 4. Bc4 Nf6 5. f3 Bf5 6. Bb3 Nbd7 7. g4 Bg6 8. g5 Nd5 9. Nxd5 cxd5 10. Bd2 e6 11. Qe2 Bd6 12. 0-0-0 Qc7 13. h4 0-0-0 14. h5 Bf5 15. Nh3 exf3 16. Qxf3 Be4 17. Qxf7 Bxh1 18. Rxh1 Nb6 19. Qxe6+ Kb8 20. Qg4 Rhf8 21. Re1 Nc4 22. Bxc4 Qxc4 23. b3 Qa6 24. Kb1 Rf1 25. Rxf1 Qxf1+ 26. Kb2 Rc8 27. Bf4 Bxf4 28. Nxf4 Qf2 29. Ne2 Qe3 30. a4 Rc7 31. c3 a5 32. Kc2 Ka7 33. Kd1 Re7 0-1

[Event "Miercurea Ciuc Banc Post op 09th"]
[Site "Miercurea Ciuc"]
[Date "2006.08.23"]
[Round "6"]
[White "Revesz, Bela"]
[Black "Gergacz, Attila"]
[Result "0-1"]
[WhiteElo "2063"]
[BlackElo "2230"]
[PlyCount "58"]
[EventDate "2006.08.19"]
[EventType "swiss"]
[EventRounds "9"]
[EventCountry "ROU"]
[SourceTitle "EXT 2012"]
[Source "ChessBase"]
[SourceDate "2011.11.24"]
[SourceVersion "1"]
[SourceVersionDate "2011.11.24"]
[SourceQuality "1"]

1. e4 e6 2. d4 d5 3. e5 c5 4. c3 Qb6 5. Nf3 Bd7 6. Bd3 Nc6 7. 0-0 cxd4 8. cxd4 Nxd4 9. Nxd4 Qxd4 10. Nc3 a6 11. Qe2 Qb6 12. Kh1 Bc6 13. f4 g6 14. a3 a5 15. Be3 Bc5 16. Bxc5 Qxc5 17. Nb5 Bxb5 18. Bxb5+ Kf8 19. Rac1 Qb6 20. a4 Ne7 21. Qc2 Rc8 22. Qb3 Kg7 23. Qa3 Nf5 24. g4 Ne3 25. Qe7 Rhf8 26. Qf6+ Kg8 27. Rxc8 Rxc8 28. Rg1 Qd4 29. h4 Qe4+ 0-1

[Event "IECG CM.2004.0.00244 email"]
[Site "IECG email"]
[Date "2004.04.23"]
[Round "?"]
[White "Revesz, Bela"]
[Black "Sukhov, Nick"]
[Result "1/2-1/2"]
[WhiteElo "2292"]
[BlackElo "2439"]
[PlyCount "48"]
[EventDate "2004.04.23"]
[EventType "tourn (corr)"]
[EventRounds "6"]
[SourceTitle "Corr 2008"]
[Source "ChessBase"]
[SourceDate "2008.06.24"]
[SourceVersion "1"]
[SourceVersionDate "2008.06.24"]
[SourceQuality "1"]

1. e4 c5 2. Nf3 Nc6 3. d4 cxd4 4. Nxd4 e5 5. Nb5 d6 6. a4 Be6 7. N1c3 a6 8. Na3 Rc8 9. Be3 Nb4 10. Be2 d5 11. exd5 Nxd5 12. Nxd5 Qxd5 13. Bf3 e4 14. Qxd5 Bxd5 15. Bg4 Rc6 16. c3 Nf6 17. Bd1 Bc5 18. Bxc5 Rxc5 19. Bc2 0-0 20. 0-0 Re8 21. Rfe1 Kf8 22. Rad1 b5 23. axb5 axb5 24. Rd4 Ra8 1/2-1/2

[Event "HUN-chT2 Toth 0304"]
[Site "Hungary"]
[Date "2004.03.21"]
[Round "9"]
[White "Revesz, Bela"]
[Black "Csomos, Roland"]
[Result "0-1"]
[WhiteElo "2060"]
[BlackElo "2225"]
[PlyCount "62"]
[EventDate "2003.09.28"]
[EventType "team"]
[EventRounds "11"]
[EventCountry "HUN"]
[SourceTitle "EXT 2009"]
[Source "ChessBase"]
[SourceDate "2008.11.26"]
[SourceVersion "1"]
[SourceVersionDate "2008.11.26"]
[SourceQuality "1"]
[WhiteTeam "Szarvas"]
[BlackTeam "GYDSE"]
[WhiteTeamCountry "HUN"]
[BlackTeamCountry "HUN"]

1. e4 d5 2. e5 c5 3. Nf3 Nc6 4. Bb5 Qb6 5. Nc3 e6 6. Qe2 Bd7 7. a4 Nge7 8. 0-0 Nf5 9. d3 Be7 10. Bd2 0-0 11. a5 Qc7 12. Bxc6 Bxc6 13. Rfc1 Rae8 14. b4 cxb4 15. Na2 Rc8 16. d4 Qxa5 17. Nxb4 Qb6 18. Nxc6 Rxc6 19. c3 a6 20. g4 Nh4 21. Nxh4 Bxh4 22. g5 f6 23. gxf6 g5 24. Qh5 Kh8 25. Qh6 Rf7 26. f4 Qb2 27. Rd1 Rxc3 28. fxg5 Rh3 29. g6 Qxd4+ 30. Be3 Qg4+ 31. Kh1 Qe2 0-1

[Event "HUN-chT2 Toth 0304"]
[Site "Hungary"]
[Date "2004.01.25"]
[Round "6"]
[White "Revesz, Bela"]
[Black "Kevei, Peter"]
[Result "0-1"]
[WhiteElo "2060"]
[BlackElo "2168"]
[PlyCount "48"]
[EventDate "2003.09.28"]
[EventType "team"]
[EventRounds "11"]
[EventCountry "HUN"]
[SourceTitle "EXT 2009"]
[Source "ChessBase"]
[SourceDate "2008.11.26"]
[SourceVersion "1"]
[SourceVersionDate "2008.11.26"]
[SourceQuality "1"]
[WhiteTeam "Szarvas"]
[BlackTeam "Maroczy"]
[WhiteTeamCountry "HUN"]
[BlackTeamCountry "HUN"]

1. e4 e5 2. Nf3 Nc6 3. Bb5 a6 4. Ba4 Nf6 5. 0-0 b5 6. Bb3 Bc5 7. d4 Nxd4 8. Nxd4 Bxd4 9. c3 Bb6 10. Bg5 Bb7 11. Qe2 h6 12. Bh4 d6 13. Nd2 g5 14. Bg3 Qd7 15. Qf3 Qe7 16. a4 0-0 17. h4 Kg7 18. hxg5 hxg5 19. Qf5 Nh5 20. Qg4 Rh8 21. axb5 Bc8 22. Qf3 g4 23. Qd3 Nf4 24. Qc4 Be6 0-1